LEADER 02532nas 2200709-a 450 001 996335785603316 005 20230227213019.0 011 $a1635-7930 035 $a(DE-599)ZDB2092924-9 035 $a(OCoLC)60639266 035 $a(CKB)111057004872070 035 $a(CONSER)--2011233098 035 $a(EXLCZ)99111057004872070 100 $a20050615b20022011 s-- b 101 0 $aeng 135 $aur||||||||||| 181 $ctxt$2rdacontent 182 $cc$2rdamedia 183 $acr$2rdacarrier 200 10$aEnvironmental biosafety research 210 $aLes Ulis, France ;$aCambridge, MA $cISBR, EDP Sciences$d©2002- 300 $aRefereed/Peer-reviewed 311 $a1635-7922 517 1 $aEBR 517 1 $aEnviron. Biosafety Res 531 $aENVIRON BIOSAFETY RES 531 $aENVIRON BIOSAF RES 531 1 $aEnviron. biosaf. res. 606 $aTransgenic organisms$xEnvironmental aspects$vPeriodicals 606 $aTransgenic organisms$vPeriodicals 606 $aTransgenic organisms$xSafety measures 606 $aBioremediation$vPeriodicals 606 $aBiotechnology$xResearch$vPeriodicals 606 $aBiotechnology$xSafety measures$vPeriodicals 606 $aOrganisms, Genetically Modified 606 $aSafety 606 $aBioremediation$2fast$3(OCoLC)fst00832694 606 $aBiotechnology$xResearch$2fast$3(OCoLC)fst00832769 606 $aBiotechnology$xSafety measures$2fast$3(OCoLC)fst00832777 606 $aTransgenic organisms$2fast$3(OCoLC)fst01154670 606 $aTransgenic organisms$xEnvironmental aspects$2fast$3(OCoLC)fst01154671 606 $aTransgenic organisms$xSafety measures$2fast$3(OCoLC)fst01154676 608 $aPeriodicals.$2fast 615 0$aTransgenic organisms$xEnvironmental aspects 615 0$aTransgenic organisms 615 0$aTransgenic organisms$xSafety measures. 615 0$aBioremediation 615 0$aBiotechnology$xResearch 615 0$aBiotechnology$xSafety measures 615 2$aOrganisms, Genetically Modified. 615 2$aSafety. 615 7$aBioremediation. 615 7$aBiotechnology$xResearch. 615 7$aBiotechnology$xSafety measures. 615 7$aTransgenic organisms. 615 7$aTransgenic organisms$xEnvironmental aspects. 615 7$aTransgenic organisms$xSafety measures. 712 02$aInternational Society for Biosafety Research. 906 $aJOURNAL 912 $a996335785603316 996 $aEnvironmental biosafety research$91896337 997 $aUNISA LEADER 01074cam0 22002531 450 001 SOBE00024297 005 20230509133128.0 100 $a20120410f1991 |||||ita|0103 ba 101 $aita 102 $aIT 200 1 $aSulla democrazia greca$fLuciano Canfora 210 $aFasan0$cGrafischena$d[1991?] 215 $a[77]-89 p.$d24 cm 300 $aEstratto da : Atti e relazioni, vol.XLVIII - tomo I (Classe di scienze morali); In testa al front. : Accademia pugliese delle scienze, anno 1991 (Fasano, 1991) 700 1$aCanfora$b, Luciano$3AF00007796$4070$038986 801 0$aIT$bUNISOB$c20230509$gRICA 850 $aUNISOB 852 $aUNISOB$jFondo|De|Sanctis|F|Opusc$m157087 912 $aSOBE00024297 940 $aM 102 Monografia moderna SBN 941 $aM 957 $aFondo|De|Sanctis|F|Opusc$b000192$gRIS$d157087$hDeSanctisF$rdono Prof.F.De Sanctis$1catenacci$2UNISOB$3UNISOB$420120410095905.0$520230509133128.0$6rovito$fPer le modalità di consultazione vedi homepage della Biblioteca link Fondi 996 $aSulla democrazia greca$91718250 997 $aUNISOB